Тест на общие знания №11 - Statistics

General Stats
  • This quiz has been taken 63 times
  • The average score is 9 of 20
Answer Stats
Вопрос Ответ % Correct
Про какого человека говорят - "кожа да кости"? худой
98%
Чем, согласно выражению, нельзя испортить кашу? масло
83%
Какой вид искусства специализируется на написании слов или иероглифов красивым, аккуратным почерком? каллиграфия
80%
Кто умер в 2013-м году, хотя многие думали, что это произошло в 1980-е годы, из-за эффекта, который позже назвали в честь этого человека? Нельсон Мандела
70%
Какой металл активно используют при производстве большинства батарей и аккумуляторов? литий
54%
В какую реку ежегодно выбрасывают кремированные останки около 25 тыс. человек? Ганг
54%
Что активно уничтожало правительство в романе "451 градус по Фаренгейту"? книги
54%
Каким животным был Бегемот из свиты Воланда? кот
52%
Что изучает ихтиология? рыбы
46%
Как называется слой между внешним ядром Земли и её литосферой? мантия
41%
Что измеряют с помощью тонометра? артериальное давление
35%
Матч по какому виду спорта между СССР и Венгрией на олимпийских играх 1956-го года вошёл в историю как "кровь в бассейне"? водное поло
30%
Кто из четвёрки главных героев "Южного парка" был евреем? Кайл Брофловски
28%
Что в своём шестом подвиге очистил Геракл? Авгиевы конюшни
28%
Какой актёр, снимавшийся в "Звёздных Войнах", попросил для своего персонажа уникальный фиолетовый световой меч? Сэмюэл Л. Джексон
28%
Назовите основной ингредиент текилы и мескаля агава
24%
Какой полуостров занимает Италия? Аппенинский
24%
Настоящее имя какого писателя - Сэмюэл Лэнгхорн Клеменс? Марк Твен
22%
Какой аниме-персонаж сказал: "Если ты не веришь в себя - верь в меня! Верь в мою веру в тебя!"? Камина
15%
В ДНК какого музыканта был найден редкий ген, дающий своему обладателю иммунитет к наркотикам? Оззи Осборн
13%
No matching quizzes found
Score Distribution
Percent of People with Each Score
Percentile by Number Answered
Your Score History
You have not taken this quiz